|
|
|
|
| LEADER |
01482nam a2200385 a 4500 |
| 001 |
EBC3019981 |
| 003 |
MiAaPQ |
| 005 |
20200520144314.0 |
| 006 |
m o d | |
| 007 |
cr cn||||||||| |
| 008 |
090819s2009 nyuad sb 001 0 eng d |
| 010 |
|
|
|z 2009034040
|
| 020 |
|
|
|z 9781606921944 (hardcover)
|
| 020 |
|
|
|a 9781617281860 (electronic bk.)
|
| 035 |
|
|
|a (MiAaPQ)EBC3019981
|
| 035 |
|
|
|a (Au-PeEL)EBL3019981
|
| 035 |
|
|
|a (CaPaEBR)ebr10674989
|
| 035 |
|
|
|a (OCoLC)923662389
|
| 040 |
|
|
|a MiAaPQ
|c MiAaPQ
|d MiAaPQ
|
| 043 |
|
|
|a a-cc---
|a n-us---
|
| 050 |
|
4 |
|a HC427.95
|b .C4562 2009
|
| 082 |
0 |
4 |
|a 337.51073
|2 22
|
| 245 |
0 |
0 |
|a China's economic policy impact on the United States
|h [electronic resource] /
|c Mary Jo Devaland, editor.
|
| 260 |
|
|
|a New York :
|b Nova Science Publishers,
|c 2009.
|
| 300 |
|
|
|a viii, 251 p. :
|b ill.
|
| 504 |
|
|
|a Includes bibliographical references and index.
|
| 533 |
|
|
|a Electronic reproduction. Ann Arbor, MI : ProQuest, 2015. Available via World Wide Web. Access may be limited to ProQuest affiliated libraries.
|
| 650 |
|
0 |
|a China
|x Foreign economic relations
|z United States.
|
| 651 |
|
0 |
|a China
|x Economic policy
|y 2000-
|
| 651 |
|
0 |
|a China
|x Economic conditions
|y 2000-
|
| 651 |
|
0 |
|a United States
|x Foreign economic relations
|z China.
|
| 655 |
|
4 |
|a Electronic books.
|
| 700 |
1 |
|
|a Devaland, Mary Jo.
|
| 710 |
2 |
|
|a ProQuest (Firm)
|
| 856 |
4 |
0 |
|u https://ebookcentral.proquest.com/lib/matrademy/detail.action?docID=3019981
|z Click to View
|